Trigonometría analítica con aplicaciones

Shranjeno v:
Bibliografske podrobnosti
Main Authors: Barnett, Raymond A (Author), Ziegler, Michael R (Author), Byleen, Karl E (Author)
Format: Knjiga
Jezik:španščina
Izdano: Ciudad de México International Thomson 2000
Teme:
Oznake: Označite
Brez oznak, prvi označite!

MARC

LEADER 00000nam a2200000 a 4500
001 UCO7865
003 CL-VaPUC
008 001124e20000000MX |||||||||||||||||spa|d
082 0 4 |a 516.24  |b BAR  |2 21 
100 0 |a Barnett, Raymond A  |e author  |9 452621 
700 0 |a Ziegler, Michael R  |e author  |9 452622 
700 0 |a Byleen, Karl E  |e author  |9 452623 
245 1 0 |a Trigonometría analítica con aplicaciones 
300 |a 477 p 
942 |c BK 
945 |d 20001124 00:00:00  |a vberengu 
260 |a Ciudad de México  |b International Thomson  |c 2000 
650 7 |a ECUACIONES TRIGONOMETRICAS  |2 CL-VaPUC  |9 421679 
650 0 |a Funciones trigonométricas   |9 421678 
650 7 |a IDENTIDADES  |2 CL-VaPUC  |9 422563 
650 7 |a TRIGONOMETRIA ANALITICA  |2 CL-VaPUC  |9 429341 
583 |a last modification  |c 20001124 00:00:00  |k Rodrigo Vera 
999 |c 292709  |d 292707